000 02136pam a2200361 i 4500
001 BK0030368247
003 DLC
005 20230725164617.0
008 230228s2023 nyu 000 1 eng
010 _a2023009525
020 _a9780802161697 : HRD
_c28.00
020 _a0802161693 : HRD
_c28.00
_q(hardcover)
_z9780802161703
_q(ebook)
037 _bPgw, C/O Ips Jackson 210 American Dr, Jackson, TN, USA, 38301
_nSAN 631-8630
040 _aDLC
_beng
_erda
_cDLC
_dGCmBT
050 0 0 _aPS3552.U723
_bF53 2023
082 0 0 _a813/.54
_223/eng/20230228
092 _a813.5400
100 1 _aBurke, James Lee,
_d1936-
_eauthor.
_922863
245 1 0 _aFlags on the bayou :
_ba novel /
_cJames Lee Burke.
250 _aFirst edition, First Grove Atlantic hardcover edition.
264 1 _aNew York :
_bAtlantic Monthly Press,
_c2023.
300 _a310 pages ;
_c24 cm
336 _atext
337 _aunmediated
338 _avolume
520 _a"In the fall of 1863, the Union Army is in control of the Mississippi River. Much of Louisiana, including New Orleans and Baton Rouge, is occupied. The Confederate Army is in disarray, corrupt structures are falling apart, and enslaved men and women are beginning to glimpse freedom. When Hannah Laveau, an enslaved woman working on the Lufkin plantation, is accused of murder, she goes on the run with Florence Milton, an abolitionist schoolteacher, dodging the local constable and the slavecatchers that prowl the bayous. Wade Lufkin, haunted by what he observed--and did--as a surgeon on the battlefield, has returned to his uncle's plantation to convalesce, where he becomes enraptured by Hannah."--
_cProvided by publisher.
650 0 _aFugitive slaves
_vFiction.
_95674803
651 0 _aConfederate States of America
_xHistory
_vFiction.
_95693533
655 7 _aHistorical fiction.
_2lcgft
655 7 _aNovels.
_2lcgft
776 0 8 _iOnline version:
776 0 8 _aBurke, James Lee, 1936-
_tFlags on the bayou
_bFirst edition. First Grove Atlantic hardcover edition.
_dNew York : Atlantic Monthly Press, 2023
_z9780802161703
_w(DLC) 2023009526
999 _c386318
_d386318